[Event "Open A"]
[Site "Venezia ITA"]
[Date "1997.10.??"]
[Round "4"]
[White "Mosca, Leonildo"]
[Black "Faccia, Sergio"]
[Result "0-1"]
[WhiteElo "1948"]
[BlackElo "1900"]
[PlyCount "22"]
[EventDate "1997.10.31"]

1. d4 Nf6 2. Nf3 g6 3. Nbd2 d6 4. g3 Bg7 5. Bg2 O-O 6. O-O c5 7. c3 Nc6 8. dxc5
dxc5 9. Nb3 Qb6 10. Be3 Be6 11. Bxc5 Bxb3 0-1

[Event "Open A"]
[Site "Venezia ITA"]
[Date "1997.10.??"]
[Round "4"]
[White "Popa, Florin"]
[Black "Cacco, Christian"]
[Result "1/2-1/2"]
[WhiteElo "2195"]
[BlackElo "2175"]
[PlyCount "147"]
[EventDate "1997.10.31"]

1. e4 e5 2. d4 exd4 3. Qxd4 Nc6 4. Qe3 g6 5. f4 Bg7 6. Bc4 d6 7. Nf3 Nf6 8. O-O
O-O 9. Nc3 Qe7 10. Bd2 Be6 11. Bxe6 Qxe6 12. Rae1 Rae8 13. Qe2 a6 14. h3 Na5
15. e5 dxe5 16. Qf2 e4 17. Ne5 Nc4 18. Nxc4 Qxc4 19. f5 Re5 20. Qh4 Qc6 21. g4
Rfe8 22. fxg6 hxg6 23. Be3 Nd5 24. Nxd5 Rxd5 25. c3 Qe6 26. Re2 Rd3 27. a3 b6
28. Kh1 c5 29. Qf2 Re7 30. Qg2 Qd5 31. Qf2 Qe5 32. Qg2 Qe6 33. Kg1 Qd5 34. Kh1
Rd1 35. Ref2 Qd3 36. Rxd1 Qxd1+ 37. Rf1 Qd3 38. Qf2 Bh6 39. g5 Bg7 40. Kg2 Qd5
41. h4 Re5 42. Qg3 Qb3 43. Rf2 Qb5 44. h5 gxh5 45. Qh4 Re6 46. Qxh5 Rg6 47. Qh3
Qe8 48. Kh1 Be5 49. Qf5 Bc7 50. Rd2 Qe6 51. Qxe6 Rxe6 52. Kg2 Bd6 53. Kh3 Kg7
54. Kg4 Kg6 55. Rd5 Be7 56. a4 f6 57. gxf6 Kxf6 58. Rf5+ Kg6 59. Rd5 Bd6 60.
Rh5 Kf6 61. Rh6+ Ke7 62. Rh7+ Kd8 63. Kf5 Re5+ 64. Kf6 Re8 65. Ra7 Bb8 66. Rb7
Bc7 67. a5 b5 68. Ra7 Rf8+ 69. Ke6 Re8+ 70. Kd5 Re5+ 71. Kc6 Re6+ 72. Kd5 Rg6
73. Kxe4 Bxa5 74. Bxc5 1/2-1/2

[Event "Open A"]
[Site "Venezia ITA"]
[Date "1997.10.??"]
[Round "4"]
[White "Tomba, Ivan"]
[Black "Di Lazzaro, Gabriele"]
[Result "0-1"]
[WhiteElo "1705"]
[BlackElo "2030"]
[PlyCount "70"]
[EventDate "1997.10.31"]

1. e4 g6 2. d4 Bg7 3. Nc3 d6 4. f4 c6 5. Nf3 Bg4 6. Be3 Nd7 7. Bc4 e6 8. d5
exd5 9. exd5 Qe7 10. Qe2 Nh6 11. O-O O-O 12. Rfe1 Rfe8 13. h3 Nf5 14. hxg4
Qxe3+ 15. Qxe3 Nxe3 16. Bb3 Nxg4 17. Rad1 Bxc3 18. bxc3 c5 19. Ba4 Rxe1+ 20.
Rxe1 Ndf6 21. Bb5 Nxd5 22. c4 Nde3 23. Re2 Kf8 24. Bd7 Rd8 25. Bxg4 Nxg4 26.
Ng5 h6 27. Nf3 d5 28. Rd2 d4 29. c3 d3 30. Ne1 b6 31. Rxd3 Rxd3 32. Nxd3 Ne3
33. Ne5 Nd1 34. Nc6 a5 35. Ne5 Ke8 0-1

[Event "Open A"]
[Site "Venezia ITA"]
[Date "1997.10.??"]
[Round "5"]
[White "Bracaglia, Carlo"]
[Black "Pagnoncelli, Marco"]
[Result "1-0"]
[WhiteElo "2080"]
[BlackElo "2090"]
[PlyCount "106"]
[EventDate "1997.10.31"]

1. e4 c5 2. Nf3 d6 3. Bb5+ Bd7 4. Bxd7+ Qxd7 5. O-O Nc6 6. c3 Nf6 7. Re1 g6 8.
d4 cxd4 9. cxd4 d5 10. e5 Ne4 11. Nbd2 Nxd2 12. Qxd2 e6 13. a3 h5 14. Ng5 Bh6
15. Qd3 Bxg5 16. Bxg5 Qc7 17. Rec1 Qb6 18. Qf3 Rg8 19. Qf6 Qc7 20. b4 Qd7 21.
Rc5 Nxd4 22. Rd1 b6 23. Rxd4 bxc5 24. bxc5 Qd8 25. Qf4 Qc7 26. Rb4 Rc8 27. h3
f5 28. exf6 Qxf4 29. Bxf4 Rf8 30. Be5 Kd7 31. Rb7+ Kc6 32. Rxa7 Kxc5 33. Kf1
Rfd8 34. Ke2 d4 35. Rc7+ Rxc7 36. Bxc7 Rf8 37. Be5 Kc4 38. Kd2 Kd5 39. f4 Ke4
40. a4 h4 41. a5 Kd5 42. a6 Kc6 43. Kd3 Kb6 44. Bxd4+ Kxa6 45. Ke4 Kb7 46. Ke5
Kc6 47. Kxe6 Re8+ 48. Kf7 Kd7 49. Be5 Ra8 50. Kxg6 Rg8+ 51. Kf7 Rxg2 52. Kf8
Rg3 53. f7 Ke6 1-0

[Event "Open A"]
[Site "Venezia ITA"]
[Date "1997.10.??"]
[Round "5"]
[White "Cacco, Christian"]
[Black "Crispi, Guido"]
[Result "1/2-1/2"]
[WhiteElo "2175"]
[BlackElo "2005"]
[PlyCount "73"]
[EventDate "1997.10.31"]

1. d4 Nf6 2. Nf3 c5 3. e3 cxd4 4. exd4 d5 5. Bd3 Nc6 6. h3 Nb4 7. Bb5+ Bd7 8.
Bxd7+ Nxd7 9. O-O e6 10. c3 Nc6 11. Bf4 Be7 12. Nbd2 O-O 13. Qe2 a5 14. Ne5
Ndxe5 15. Bxe5 Nxe5 16. Qxe5 b5 17. f4 Bf6 18. Qe3 b4 19. cxb4 axb4 20. Nb3 Qb6
21. Kh1 Rfc8 22. f5 e5 23. Qe2 exd4 24. Rac1 h6 25. Rxc8+ Rxc8 26. Rc1 Rxc1+
27. Nxc1 Bg5 28. Qe8+ Kh7 29. Nd3 Qc7 30. Qf8 Bd2 31. f6 gxf6 32. Kg1 h5 33. h4
f5 34. Qc5 Be3+ 35. Kf1 Qxc5 36. Nxc5 f4 37. Nd3 1/2-1/2

[Event "Open A"]
[Site "Venezia ITA"]
[Date "1997.10.??"]
[Round "5"]
[White "Danieli, Enrico"]
[Black "De Bortoli, Peter"]
[Result "1/2-1/2"]
[WhiteElo "1963"]
[BlackElo "2085"]
[PlyCount "136"]
[EventDate "1997.10.31"]

1. Nf3 g6 2. d4 Bg7 3. e4 d6 4. Be2 Nd7 5. O-O e5 6. Nc3 Ngf6 7. dxe5 dxe5 8.
h3 O-O 9. Be3 c6 10. Qd6 Ne8 11. Qd2 Qe7 12. Rfd1 Nc7 13. Qd6 Qxd6 14. Rxd6 h6
15. Rad1 Nb6 16. a4 Be6 17. b3 Rfe8 18. a5 Nc8 19. Rd8 Ne7 20. Rxa8 Rxa8 21.
Bc5 Nc8 22. Rd8+ Kh7 23. Na4 Bf6 24. Rd1 Rb8 25. Ba3 Bg7 26. Nc5 b5 27. axb6
Nxb6 28. Nxe6 Nxe6 29. Bd6 Re8 30. g3 f6 31. c4 c5 32. b4 Bf8 33. Bxf8 Nxf8 34.
bxc5 Nc8 35. c6 Kg7 36. c5 Re7 37. Ba6 Rc7 38. Bb7 Kf7 39. Ne1 Ne7 40. Rd6 a5
41. Nc2 Ne6 42. Rd7 Ke8 43. Na3 Rxd7 44. cxd7+ Kxd7 45. Nc4 Nxc5 46. Nxa5 Kc7
47. Ba8 Kb6 48. Nc4+ Ka7 49. Bd5 Nxd5 50. exd5 Kb8 51. Kg2 Kc7 52. Kf3 Nb7 53.
g4 Nd6 54. Ne3 Kb6 55. h4 h5 56. Kg3 Kc5 57. f4 e4 58. f5 gxf5 59. gxh5 Kd4 60.
Kf4 Nf7 61. h6 Nxh6 62. d6 Nf7 63. d7 Nd8 64. Nxf5+ Kd5 65. h5 Kc6 66. h6 Nf7
67. Kxe4 Kxd7 68. h7 Ng5+ 1/2-1/2

[Event "Open A"]
[Site "Venezia ITA"]
[Date "1997.10.??"]
[Round "5"]
[White "Di Lazzaro, Gabriele"]
[Black "Astengo, Marcello"]
[Result "1/2-1/2"]
[WhiteElo "2030"]
[BlackElo "2040"]
[PlyCount "120"]
[EventDate "1997.10.31"]

1. e4 e6 2. d4 d5 3. Be3 dxe4 4. Nd2 Nf6 5. g3 b6 6. Bg2 Bb7 7. c3 Be7 8. Qc2
O-O 9. Ne2 Nbd7 10. h3 e5 11. Nxe4 Bxe4 12. Bxe4 Nxe4 13. Qxe4 exd4 14. Nxd4
Nc5 15. Qc2 Qd5 16. Rh2 Rfe8 17. c4 Qh5 18. g4 Qe5 19. Rh1 Ne4 20. O-O-O Bc5
21. Rhe1 Bxd4 22. Rxd4 c5 23. f4 Qe7 24. Rdd1 Qh4 25. Qg2 Rad8 26. g5 Qg3 27.
Qxe4 Rxd1+ 28. Rxd1 Kf8 29. Bxc5+ bxc5 30. Qf5 Qe3+ 31. Kb1 g6 32. Qd5 Qe4+ 33.
Ka1 Qxd5 34. cxd5 Re4 35. Kb1 Rxf4 36. Kc2 Ke7 37. d6+ Kd7 38. Kc3 Rf5 39. h4
Rf4 40. Rd5 Rf5 41. Kc4 Rf2 42. Kxc5 Rxb2 43. a4 Rf2 44. Rd4 f5 45. gxf6 Rf5+
46. Rd5 Rxf6 47. h5 Rf1 48. hxg6 hxg6 49. Rg5 Rf6 50. Rd5 a5 51. Rd4 g5 52. Rd5
Rg6 53. Rf5 Rg7 54. Rf1 g4 55. Rg1 Rg5+ 56. Kd4 Kxd6 57. Ke4 Kc5 58. Kf4 Rg8
59. Kg3 Kd4 60. Rb1 Rg5 1/2-1/2

[Event "Open A"]
[Site "Venezia ITA"]
[Date "1997.10.??"]
[Round "5"]
[White "Faccia, Sergio"]
[Black "Cristiani, Cesare"]
[Result "1/2-1/2"]
[WhiteElo "1900"]
[BlackElo "2080"]
[PlyCount "72"]
[EventDate "1997.10.31"]

1. e4 Nf6 2. Bc4 d5 3. exd5 Nxd5 4. d4 e6 5. Nf3 Be7 6. O-O O-O 7. Re1 Nd7 8.
Bb3 b5 9. Bxd5 exd5 10. Qe2 Bf6 11. Qxb5 Nb6 12. Bf4 Bd7 13. Qd3 g6 14. c3 Nc4
15. b3 Bf5 16. Qe2 Nd6 17. Nbd2 Re8 18. Qf1 Ne4 19. Nxe4 dxe4 20. Ne5 h5 21. f3
exf3 22. Qxf3 Bg7 23. h3 Be6 24. Rad1 Bd5 25. Qg3 h4 26. Qg4 Be6 27. Qf3 Bd5
28. Qg4 Be6 29. Qf3 Bd5 30. Qd3 Qf6 31. Rf1 Qb6 32. Be3 Rad8 33. c4 Bxg2 34.
Kxg2 Bxe5 35. d5 c5 36. Bg5 Rd7 1/2-1/2

[Event "Open A"]
[Site "Venezia ITA"]
[Date "1997.10.??"]
[Round "5"]
[White "Gallo, Enrico"]
[Black "Bianchi, Andrea"]
[Result "1-0"]
[WhiteElo "2225"]
[BlackElo "2012"]
[PlyCount "135"]
[EventDate "1997.10.31"]

1. e4 e5 2. Nf3 Nf6 3. Bc4 Nxe4 4. Nc3 Nxc3 5. dxc3 f6 6. Nh4 g6 7. f4 c6 8. f5
d5 9. fxg6 dxc4 10. Qh5 Kd7 11. g7 Bxg7 12. Qg4+ Kc7 13. Qxg7+ Bd7 14. O-O Qf8
15. Bh6 Qxg7 16. Bxg7 Re8 17. Rxf6 Be6 18. Rh6 Bg8 19. Rd1 Nd7 20. Rh5 Re6 21.
Nf5 Rae8 22. Bh6 Rg6 23. Rg5 Rxg5 24. Bxg5 Bd5 25. h4 Rf8 26. Rf1 Be4 27. Ne3
Rxf1+ 28. Kxf1 b5 29. Be7 Nb6 30. Bc5 Nd5 31. Ng4 a5 32. Nxe5 Bxc2 33. g4 Nf6
34. Bd4 Ne4 35. h5 Kd6 36. Nf3 Kd5 37. Ke1 Ng3 38. Bf2 Ne4 39. Bh4 Nc5 40. g5
Be4 41. g6 hxg6 42. h6 g5 43. Nxg5 Nd3+ 44. Kd2 Ne5 45. Bf2 Bg6 46. h7 Bxh7 47.
Nxh7 Nd3 48. Bb6 Nxb2 49. Bxa5 c5 50. Ng5 Nd3 51. Nf3 b4 52. Ne1 Nxe1 53. Kxe1
b3 54. axb3 cxb3 55. Kd2 Kc4 56. Kc1 Kd3 57. Kb2 c4 58. Bb4 Kd2 59. Kb1 Kd3 60.
Kc1 Ke2 61. Ba3 Ke1 62. Bb2 Ke2 63. Ba1 Ke1 64. Kb2 Kd2 65. Ka3 Kc2 66. Kb4 Kd3
67. Kc5 Kc2 68. Kxc4 1-0

[Event "Open A"]
[Site "Venezia ITA"]
[Date "1997.10.??"]
[Round "5"]
[White "Mosca, Leonildo"]
[Black "Tomba, Ivan"]
[Result "1-0"]
[WhiteElo "1948"]
[BlackElo "1705"]
[PlyCount "61"]
[EventDate "1997.10.31"]

1. d4 Nf6 2. Nf3 g6 3. g3 Bg7 4. Bg2 O-O 5. O-O d6 6. c4 c5 7. Nc3 Na6 8. Re1
Rb8 9. Rb1 Be6 10. b3 Nc7 11. dxc5 dxc5 12. Bf4 Rc8 13. Ng5 Nfe8 14. Qc2 Rb8
15. Nxe6 fxe6 16. Rbd1 Qc8 17. Bh3 b5 18. Nd5 Nxd5 19. cxd5 Rb6 20. Bxe6+ Rxe6
21. dxe6 Rf6 22. Rc1 Rxe6 23. Qxc5 Qxc5 24. Rxc5 a6 25. e3 Nd6 26. Rc6 a5 27.
Rd1 Be5 28. Rd5 Bxf4 29. gxf4 Kf7 30. Ra6 b4 31. Rdxa5 1-0

[Event "Open A"]
[Site "Venezia ITA"]
[Date "1997.10.??"]
[Round "5"]
[White "Mrdja, Milan"]
[Black "Popa, Florin"]
[Result "1-0"]
[WhiteElo "2390"]
[BlackElo "2195"]
[PlyCount "73"]
[EventDate "1997.10.31"]

1. e4 e5 2. Nf3 Nc6 3. Bb5 g6 4. O-O Bg7 5. c3 d6 6. d4 Bd7 7. Bg5 Nge7 8. dxe5
Nxe5 9. Nd4 Bxb5 10. Nxb5 Qd7 11. N1a3 a6 12. Nd4 c5 13. Ne2 b5 14. f4 N5c6 15.
f5 Be5 16. Qd3 f6 17. Be3 g5 18. Rad1 Qb7 19. b3 Rc8 20. Kh1 Na5 21. c4 b4 22.
Nc2 Kd7 23. Bf2 Kc7 24. Bg3 Rcd8 25. Be1 Nac6 26. Ne3 h5 27. Bf2 a5 28. Ng1 Nd4
29. Nd5+ Nxd5 30. exd5 a4 31. Bxd4 Bxd4 32. Nf3 Bc3 33. bxa4 Qa6 34. a3 Qxa4
35. axb4 cxb4 36. Nd4 Kb6 37. Rb1 1-0

[Event "Open A"]
[Site "Venezia ITA"]
[Date "1997.10.??"]
[Round "6"]
[White "Crispi, Guido"]
[Black "Ferretti, Folco"]
[Result "0-1"]
[WhiteElo "2005"]
[BlackElo "2285"]
[PlyCount "100"]
[EventDate "1997.10.31"]

1. d4 d5 2. c4 dxc4 3. Nf3 Nf6 4. e3 e6 5. Bxc4 c5 6. Nc3 a6 7. a4 Nc6 8. O-O
cxd4 9. exd4 Be7 10. Re1 O-O 11. Ne4 Nxe4 12. Rxe4 Bf6 13. Be3 Ne7 14. Ne5 Nf5
15. Bd2 Nd6 16. Rg4 Nxc4 17. Nxc4 e5 18. dxe5 Bxg4 19. Qxg4 Bxe5 20. Ba5 Qd4
21. Nxe5 Qxe5 22. Bc3 h5 23. Qf3 Qc7 24. Qxh5 f6 25. h4 Rad8 26. a5 Qf7 27. Qg4
Rfe8 28. g3 f5 29. Qg5 Rd6 30. h5 Rh6 31. Rd1 Rxh5 32. Qf4 Rh6 33. Qd4 Re7 34.
Qd8+ Kh7 35. Rd6 Rxd6 36. Qxd6 Rd7 37. Qe5 Rd1+ 38. Kg2 Qd5+ 39. Qxd5 Rxd5 40.
Kf3 g5 41. Ke2 Kg6 42. Ke3 Kf7 43. Kf3 Ke6 44. Ke2 Rc5 45. Kd3 Kd5 46. f3 Rc6
47. Bd2 g4 48. fxg4 fxg4 49. Be3 Rc4 50. Bf4 Rb4 0-1

[Event "Open A"]
[Site "Venezia ITA"]
[Date "1997.10.??"]
[Round "6"]
[White "Cristiani, Cesare"]
[Black "Tomba, Ivan"]
[Result "1-0"]
[WhiteElo "2080"]
[BlackElo "1705"]
[PlyCount "71"]
[EventDate "1997.10.31"]

1. d4 Nf6 2. c4 g6 3. Nc3 Bg7 4. e4 d6 5. Be2 O-O 6. Nf3 Nbd7 7. Bg5 h6 8. Bh4
c6 9. O-O e5 10. d5 c5 11. Ne1 Qb6 12. Nd3 Nh7 13. f3 f5 14. Bf2 Qd8 15. Rc1 f4
16. a3 g5 17. b4 b6 18. Nb5 Rf6 19. a4 a6 20. Nc3 a5 21. bxc5 bxc5 22. Rb1 Rg6
23. Nb5 Bf8 24. g4 fxg3 25. hxg3 h5 26. Kg2 Ndf6 27. Nc3 g4 28. f4 exf4 29.
Nxf4 Rh6 30. Rh1 Ng5 31. Qc2 Qe8 32. Bd3 Qe5 33. Be3 Kf7 34. Ne6 Nfh7 35. Bf4
Qh8 36. Nxg5+ 1-0

[Event "Open A"]
[Site "Venezia ITA"]
[Date "1997.10.??"]
[Round "6"]
[White "De Bortoli, Peter"]
[Black "Cacco, Christian"]
[Result "0-1"]
[WhiteElo "2085"]
[BlackElo "2175"]
[PlyCount "82"]
[EventDate "1997.10.31"]

1. e4 e6 2. d4 d5 3. exd5 exd5 4. Bd3 Bd6 5. c3 Nf6 6. Bg5 Be6 7. Nd2 Nbd7 8.
Ngf3 h6 9. Bh4 c6 10. O-O O-O 11. Bg3 Bxg3 12. hxg3 Bg4 13. Qc2 Re8 14. Rae1
Qc7 15. Nh2 Bh5 16. Nb3 Nf8 17. Nf3 Bxf3 18. gxf3 Ne6 19. Kg2 Ng5 20. f4 Nge4
21. Re2 Re7 22. Rfe1 Rae8 23. Nd2 Nxd2 24. Qxd2 Ne4 25. Qc2 Nf6 26. Qd2 Kf8 27.
f3 Qd6 28. Re5 Nd7 29. Rxe7 Rxe7 30. Rxe7 Qxe7 31. Kf2 Nb6 32. b3 Ke8 33. Qe3
Qxe3+ 34. Kxe3 Ke7 35. c4 dxc4 36. bxc4 Ke6 37. g4 a5 38. Ke4 Na4 39. Ke3 Kf6
40. Ke4 Nc3+ 41. Ke3 Nxa2 0-1

[Event "Open A"]
[Site "Venezia ITA"]
[Date "1997.10.??"]
[Round "6"]
[White "Di Lazzaro, Gabriele"]
[Black "Mosca, Leonildo"]
[Result "1/2-1/2"]
[WhiteElo "2030"]
[BlackElo "1948"]
[PlyCount "154"]
[EventDate "1997.10.31"]

1. e4 Nf6 2. e5 Nd5 3. d4 d6 4. Nf3 Nc6 5. c4 Nb6 6. e6 fxe6 7. Ng5 e5 8. Bd3
Nxd4 9. Bxh7 Rxh7 10. Nxh7 Bf5 11. Na3 Kd7 12. Nxf8+ Qxf8 13. Be3 Qf6 14. O-O
c5 15. Qd2 Nf3+ 16. gxf3 Bh3 17. Nc2 Qxf3 18. Ne1 Qg4+ 19. Kh1 Bxf1 20. b3 Be2
21. Bxc5 Rh8 22. f3 Bxf3+ 23. Nxf3 Qxf3+ 24. Kg1 Qg4+ 25. Kh1 Qe4+ 26. Kg1 Rh4
27. Bf2 Rg4+ 28. Bg3 Qd4+ 29. Qxd4 exd4 30. Kf2 e5 31. Kf3 Rg6 32. Ke4 Ke6 33.
a4 Nd7 34. b4 Rf6 35. a5 a6 36. Rg1 Rf7 37. h4 Nf6+ 38. Kd3 Nh5 39. Be1 Nf4+
40. Kd2 e4 41. Rg5 e3+ 42. Kd1 d3 43. Rg3 e2+ 44. Kd2 Ke5 45. Ke3 g6 46. Rg4
Nh3 47. Re4+ Kf6 48. Kxd3 Re7 49. Rxe7 Kxe7 50. Kxe2 Nf4+ 51. Kf3 Nd3 52. Bc3
Ke6 53. Ke4 Nf2+ 54. Kf3 Nd3 55. Ke4 Nf2+ 56. Kd4 Ng4 57. b5 Nh6 58. Ke4 Nf5
59. Be1 Ne7 60. Kf4 Nf5 61. Bf2 Ne7 62. Kg5 Kf7 63. Bb6 d5 64. bxa6 bxa6 65.
cxd5 Nxd5 66. Bd8 Ne3 67. Kf4 Nd5+ 68. Ke5 Ne3 69. Kd4 Nf5+ 70. Kc5 Ke8 71. Bg5
Kd7 72. Kb6 Kc8 73. Kxa6 Kb8 74. Kb6 Ka8 75. Kc6 Nxh4 76. Bxh4 g5 77. Be1 g4
1/2-1/2

[Event "Open A"]
[Site "Venezia ITA"]
[Date "1997.10.??"]
[Round "6"]
[White "Pagnoncelli, Marco"]
[Black "Danieli, Enrico"]
[Result "1/2-1/2"]
[WhiteElo "2090"]
[BlackElo "1963"]
[PlyCount "73"]
[EventDate "1997.10.31"]

1. e4 d6 2. d4 Nf6 3. Nc3 g6 4. f3 Bg7 5. Be3 O-O 6. Qd2 Nc6 7. Nge2 a6 8. g4
b5 9. h4 h5 10. Ng3 Bxg4 11. fxg4 Nxg4 12. O-O-O Nxd4 13. Kb1 c5 14. Be2 Nxe3
15. Qxe3 b4 16. Nd5 Nxe2 17. Qxe2 e6 18. Nf4 Qf6 19. Nd3 c4 20. Rdf1 cxd3 21.
cxd3 Qe5 22. Rfg1 b3 23. axb3 Rab8 24. Rg2 Rb5 25. Rd1 Qd4 26. Qc2 Rfb8 27. Ne2
Qb4 28. Nc1 Bh6 29. Qf2 Bxc1 30. Rxc1 Qxb3 31. Qf3 Ra5 32. Qf6 Qxd3+ 33. Rcc2
Qd1+ 34. Rc1 Qd3+ 35. Rcc2 Qd1+ 36. Rc1 Qd3+ 37. Rcc2 1/2-1/2

[Event "Open A"]
[Site "Venezia ITA"]
[Date "1997.10.??"]
[Round "6"]
[White "Popa, Florin"]
[Black "Bianchi, Andrea"]
[Result "1-0"]
[WhiteElo "2195"]
[BlackElo "2012"]
[PlyCount "67"]
[EventDate "1997.10.31"]

1. e4 e5 2. Nf3 Nf6 3. Nxe5 d6 4. Nf3 Nxe4 5. d4 d5 6. Bd3 Nc6 7. O-O Bg4 8.
Re1 Be7 9. c3 f5 10. Nbd2 O-O 11. Qb3 Kh8 12. Qxb7 Rf6 13. Qb3 Rb8 14. Qc2 Rg6
15. Bf1 Bd6 16. g3 Nxd2 17. Nxd2 f4 18. Bg2 Qg5 19. Nf1 Qh5 20. gxf4 Rh6 21.
Re5 Bxe5 22. fxe5 Bf5 23. Qa4 Rg6 24. Ng3 Qg4 25. h3 Qh4 26. Nxf5 Rxg2+ 27.
Kxg2 Qe4+ 28. Kg3 Nxe5 29. Qd1 Rb6 30. Nh4 Ng6 31. Qg4 Qd3+ 32. Kh2 h6 33. Bxh6
gxh6 34. Rg1 1-0

[Event "XIV Corsicoscacchi B"]
[Site "Corsico ITA"]
[Date "1997.10.??"]
[Round "1"]
[White "Saccani, Ettore"]
[Black "Manunta, Roberto"]
[Result "0-1"]
[WhiteElo "1507"]
[BlackElo "1609"]
[PlyCount "70"]
[EventDate "1997.10.04"]

1. e4 c5 2. c3 d5 3. exd5 Qxd5 4. d4 Nf6 5. Nf3 Bg4 6. Be2 e6 7. Na3 a6 8. Nc2
Nc6 9. Ne3 Qd7 10. Nxg4 Nxg4 11. O-O Nf6 12. Bf4 cxd4 13. cxd4 Be7 14. Rc1 O-O
15. Ne5 Nxe5 16. dxe5 Nd5 17. Qd4 Rfd8 18. Rfd1 Rac8 19. Qe4 Rxc1 20. Bxc1 Qc7
21. Bd2 Qb6 22. b3 Bc5 23. Be1 Rc8 24. Bc4 Nb4 25. a3 Nc6 26. b4 Bd4 27. Bd3 g6
28. Qe2 Bxe5 29. b5 axb5 30. Bxb5 Bg7 31. Rd6 Qc7 32. Qd1 Be5 33. Rd7 Qb6 34.
Bxc6 Qxc6 35. Bb4 Qxd7 0-1

[Event "XIV Corsicoscacchi B"]
[Site "Corsico ITA"]
[Date "1997.10.??"]
[Round "2"]
[White "Saccani, Ettore"]
[Black "Travaglini, Renzo"]
[Result "1-0"]
[WhiteElo "1507"]
[BlackElo "1567"]
[PlyCount "31"]
[EventDate "1997.10.04"]

1. e4 e6 2. d4 d5 3. Nc3 Bb4 4. Nge2 c5 5. a3 Bxc3+ 6. Nxc3 cxd4 7. Qxd4 Qf6 8.
e5 Qg6 9. Nb5 Kd7 10. Nd6 a6 11. Nxc8 Kxc8 12. Qc5+ Nc6 13. Be3 Nge7 14. O-O-O
f6 15. Qd6 fxe5 16. Bb6 1-0

[Event "XIV Corsicoscacchi B"]
[Site "Corsico ITA"]
[Date "1997.10.??"]
[Round "4"]
[White "Mieli, Marcello"]
[Black "Saccani, Ettore"]
[Result "1/2-1/2"]
[WhiteElo "1636"]
[BlackElo "1507"]
[PlyCount "95"]
[EventDate "1997.10.04"]

1. d4 Nf6 2. Nf3 e6 3. Bg5 c5 4. e3 Qa5+ 5. Qd2 Qxd2+ 6. Nbxd2 cxd4 7. Nxd4 Be7
8. Be2 O-O 9. O-O d5 10. c4 a6 11. Rac1 Nc6 12. Nxc6 bxc6 13. cxd5 cxd5 14. Rc7
Re8 15. Rfc1 Bd6 16. R7c6 Be5 17. b3 Bb7 18. Rb6 Rec8 19. Rxc8+ Bxc8 20. Bxf6
Bxf6 21. b4 g6 22. Nb3 Bd8 23. Rc6 Bb7 24. Rc1 a5 25. b5 Bb6 26. a4 Rc8 27.
Rxc8+ Bxc8 28. Bf3 Kf8 29. Kf1 Ke7 30. Ke2 Kd6 31. Kd3 e5 32. e4 dxe4+ 33. Bxe4
f5 34. Bc6 Be6 35. Nd2 Bxf2 36. Nc4+ Bxc4+ 37. Kxc4 Bb6 38. Bf3 e4 39. Be2 Ke5
40. Bf1 g5 41. Be2 e3 42. Kd3 f4 43. Bd1 Kf5 44. Ke2 h5 45. Bc2+ Ke5 46. Bg6 h4
47. h3 Kd4 48. Bc2 1/2-1/2

[Event "XIV Corsicoscacchi B"]
[Site "Corsico ITA"]
[Date "1997.10.??"]
[Round "5"]
[White "Bruno, Fabrizio P."]
[Black "Saccani, Ettore"]
[Result "1-0"]
[WhiteElo "1648"]
[BlackElo "1507"]
[PlyCount "106"]
[EventDate "1997.10.04"]

1. e4 e6 2. d4 d5 3. Nc3 Bb4 4. e5 c5 5. Bd2 cxd4 6. Nb5 Bxd2+ 7. Qxd2 Nc6 8.
f4 Nge7 9. Nd6+ Kf8 10. Bd3 Qb6 11. O-O-O Nb4 12. Kb1 Nxd3 13. Qxd3 Nf5 14.
Nxf5 exf5 15. Nf3 g6 16. h4 Bd7 17. Nxd4 Rc8 18. h5 Kg7 19. h6+ Kf8 20. Rhf1
Ke7 21. Qg3 Rc5 22. Rfe1 Be6 23. Qg5+ Kd7 24. Qf6 Qd8 25. Qxd8+ Rxd8 26. Re3
Ke7 27. b3 Rdc8 28. Kb2 Kf8 29. Rdd3 a6 30. Rc3 Rxc3 31. Rxc3 Rxc3 32. Kxc3 Ke7
33. Nf3 f6 34. Kd4 b6 35. exf6+ Kxf6 36. Ng5 Bg8 37. a4 b5 38. axb5 axb5 39.
Kc5 Ke7 40. Kxb5 Kd6 41. Kb6 d4 42. b4 Kd5 43. b5 Kc4 44. Ka6 Kc3 45. b6 Bd5
46. Nxh7 Kxc2 47. Nf6 Bc4+ 48. Ka7 d3 49. b7 d2 50. b8=Q d1=Q 51. h7 Qa1+ 52.
Kb7 Qb2+ 53. Kc7 Qe5+ 1-0

[Event "XIV Corsicoscacchi B"]
[Site "Corsico ITA"]
[Date "1997.10.??"]
[Round "5"]
[White "Riboldi, Raffaele"]
[Black "Mieli, Marcello"]
[Result "1-0"]
[WhiteElo "1633"]
[BlackElo "1636"]
[PlyCount "49"]
[EventDate "1997.10.04"]

1. d4 Nf6 2. c4 g6 3. Nc3 Bg7 4. e4 d6 5. Nge2 O-O 6. Ng3 c5 7. d5 h5 8. h4 a6
9. Be2 Qc7 10. f3 e6 11. Bf4 Rd8 12. Qd2 exd5 13. exd5 Re8 14. O-O-O Nbd7 15.
Nge4 Nxe4 16. Nxe4 Ne5 17. Bg5 Nd7 18. g4 hxg4 19. h5 gxf3 20. Bxf3 Ne5 21.
Nf6+ Bxf6 22. Bxf6 Nd7 23. Qh6 Nxf6 24. hxg6 fxg6 25. Qh8+ 1-0

[Event "IX Festival A"]
[Site "Telese Terme ITA"]
[Date "1997.06.27"]
[Round "4"]
[White "Skembris, Spyridon"]
[Black "Barlov, Dragan"]
[Result "1/2-1/2"]
[WhiteElo "2450"]
[BlackElo "2455"]
[PlyCount "65"]
[EventDate "1997.06.26"]

1.d4 Nf6 2.Nf3 c5 3.e3 g6 4.c4 Bg7 5.Nc3 O-O 6.Be2 cxd4 7.exd4 d5 8.O-O 
Nc6 9.Re1 Bf5 10.Bg5 dxc4 11.Bxc4 Rc8 12.Bb3 Bg4 13.d5 Na5 14.h3 Bxf3 15.
Qxf3 h6 16.Bf4 Nc4 17.Bxc4 Rxc4 18.Be5 a6 19.Rad1 Ne8 20.Qe2 b5 21.Bxg7 
Kxg7 22.Qe5+ Kg8 23.Qxe7 Nd6 24.a3 Re8 25.Qa7 Rxe1+ 26.Rxe1 b4 27.axb4 
Rxb4 28.Qxa6 Rxb2 29.Re2 Rb3 30.Qc6 Qf6 31.Re3 Kg7 32.Rf3 Qe5 33.Re3 
1/2-1/2

[Event "IX Festival A"]
[Site "Telese Terme ITA"]
[Date "1997.06.28"]
[Round "5"]
[White "Martorelli, Antonio"]
[Black "Vujovic, Milorad"]
[Result "1-0"]
[WhiteElo "2365"]
[BlackElo "2255"]
[PlyCount "75"]
[EventDate "1997.06.26"]

1.e4 c5 2.Nf3 d6 3.d4 cxd4 4.Nxd4 Nf6 5.Nc3 a6 6.f4 e6 7.Be2 Nc6 8.Be3 Bd7
9.O-O Be7 10.a4 Qc7 11.Nb3 Nb4 12.a5 d5 13.Bb6 Qc8 14.exd5 Nfxd5 15.Bd4 
O-O 16.Nxd5 Nxd5 17.Bd3 Nb4 18.Bxh7+ Kxh7 19.Qh5+ Kg8 20.Bxg7 Kxg7 21.Qg4+
Kh8 22.Rf3 Qxc2 23.f5 Qxf5 24.Rxf5 exf5 25.Qd4+ Kg8 26.Qxd7 Rfe8 27.Qxf5 
Nc6 28.Rf1 Nd8 29.Nd4 Bf8 30.Rf3 Bg7 31.Qg4 Re1+ 32.Kf2 Rb1 33.Rg3 Rxb2+ 
34.Ke1 Rb1+ 35.Kd2 Rb2+ 36.Kc3 Ne6 37.Kxb2 Kf8 38.Ka2 1-0

[Event "IX Festival A"]
[Site "Telese Terme ITA"]
[Date "1997.06.29"]
[Round "7"]
[White "Efimov, Igor"]
[Black "Naumkin, Igor"]
[Result "1-0"]
[WhiteElo "2530"]
[BlackElo "2435"]
[PlyCount "89"]
[EventDate "1997.06.26"]

1.Nf3 Nf6 2.c4 b6 3.g3 Bb7 4.Bg2 e6 5.O-O Be7 6.b3 O-O 7.Bb2 d5 8.e3 c5 9.
Qe2 Nbd7 10.Nc3 Qc7 11.Rac1 dxc4 12.bxc4 Rac8 13.d3 Qb8 14.h3 a6 15.e4 Bd6
16.Nh4 Be5 17.f4 Bd4+ 18.Kh2 Ne8 19.Nf3 Bxc3 20.Bxc3 b5 21.Ng5 b4 22.Ba1 
a5 23.Rf2 Rc6 24.Rcf1 f6 25.Nf3 Rb6 26.h4 h6 27.h5 Rf7 28.Bh3 Nf8 29.Qe3 
Rc6 30.Rg1 Qd8 31.Bf1 Rc8 32.g4 Nh7 33.Bh3 Rd7 34.Rd2 Rc6 35.g5 hxg5 36.
fxg5 Rcd6 37.gxf6 Nhxf6 38.e5 Rxd3 39.Bxe6+ Kh8 40.Rxd3 Rxd3 41.exf6 Nxf6 
42.Bxf6 Rxe3 43.Bxg7+ Kh7 44.Bf5+ Kg8 45.Bf6+ 1-0

[Event "IX Festival A"]
[Site "Telese Terme ITA"]
[Date "1997.06.29"]
[Round "8"]
[White "Sulava, Nenad"]
[Black "Passerotti, Pierluigi"]
[Result "1-0"]
[WhiteElo "2380"]
[BlackElo "2300"]
[PlyCount "65"]
[EventDate "1997.06.26"]

1.Nf3 f5 2.g3 Nf6 3.Bg2 g6 4.b4 Bg7 5.Bb2 O-O 6.c4 d6 7.c5 e5 8.cxd6 cxd6 
9.O-O Qe7 10.Na3 Nbd7 11.d3 Kh8 12.Nc4 Nb6 13.Nfd2 Be6 14.Nxb6 axb6 15.a4 
Ra7 16.Ra3 Rfa8 17.Qa1 Qe8 18.b5 Nd7 19.d4 exd4 20.Bxd4 Qf8 21.Nf3 Nc5 22.
Bxg7+ Qxg7 23.Qd1 d5 24.Qd2 Rxa4 25.Rxa4 Rxa4 26.h4 h6 27.Kh2 d4 28.Qf4 
Kh7 29.Qd6 Qd7 30.Qxb6 Rc4 31.Ne5 Na4 32.Nxd7 Nxb6 33.Nf8+ 1-0